Aurélie - Colonel Reyel - Statistiques

Statistiques générales
  • Ce quiz a été pris 856 fois
  • Le résultat moyen est 395 sur 500
Statistiques - réponses
Hint Réponse % Correct
à
100%
a
100%
au
99%
Refrain Aurélie
99%
elle
99%
Elle
99%
n'a
99%
que
99%
se
99%
un
99%
ans
98%
attend
98%
en
98%
enfant,
98%
enfant
98%
et
98%
Et
98%
par
98%
seize
98%
la
97%
l'a
97%
97%
lui
97%
parents
97%
ses
97%
Ses
97%
ce
96%
le
96%
Le
96%
pour
96%
Pour
96%
l'avortement
95%
les
95%
ne
95%
dit
94%
"maman"
94%
maman
94%
pas
94%
qu'elle
94%
tout
94%
l'appelle
93%
prête
93%
qui
93%
qu'on
93%
sent
93%
toute
93%
toutes
93%
vie
93%
celle
92%
c'est
92%
C'est
92%
conseillent
92%
donné
92%
n'est
92%
on
92%
ont
92%
amis
91%
autrement
91%
chose
91%
d'accord
91%
voit
91%
amies
90%
celles
89%
choses
89%
de
89%
De
89%
mère
86%
Mère
86%
prix
86%
dans
85%
est
84%
Il
84%
il
84%
peu
84%
sa
83%
son
83%
plus
82%
comme
81%
Comme
81%
lycée
80%
mais
79%
Mais
79%
mec
79%
ça
78%
Celui-ci
78%
Twingo
78%
être
77%
Ils
77%
ils
77%
vieux
77%
dire
76%
76%
seconde
76%
depuis
75%
quartier
75%
avec
74%
banlieue
74%
mois
74%
aime
72%
bâtard
72%
fait
72%
heureux
72%
sont
72%
neuf
71%
Sort
71%
tard
71%
bingo
70%
bon
69%
seule
68%
seuls
68%
va
68%
cette
66%
enlève
66%
gars
66%
Oh
66%
Couplet 2 Oui
66%
fêtard
65%
voilà,
65%
Voilà
65%
sauve
64%
tanga
64%
histoire
63%
retrouve
63%
amoureux
61%
jamais
61%
l'air
60%
n'as
59%
juste
58%
trois
58%
découvert
57%
Donc
57%
enceinte
56%
qu'en
56%
Je
54%
je
54%
jour
54%
papa
54%
qu'ils
54%
réussit
54%
cas
53%
était
53%
joie
52%
rappellera
52%
te
52%
Tsonga
52%
annonça
51%
n'assume
51%
sautent
51%
si
51%
s'attendait
50%
swinguer,
49%
foi
47%
bonne
46%
galère
46%
puisse
46%
preuve
45%
Résultat
45%
une
45%
Une
45%
commença
44%
du
44%
tous
44%
ace
43%
fut
43%
l'on
43%
peux
43%
fassent
42%
moins
42%
Trouver
41%
trouver
41%
mon
40%
travail
40%
espérait
39%
même
39%
belle
38%
foyer
38%
payer
38%
donner
37%
loyer
37%
quand
37%
famille
36%
tu
36%
coûte
35%
essayé
35%
monde
35%
devrait
34%
fille
34%
rapidement
34%
aura
33%
d'Aurélie
33%
puni
33%
quelqu'un
33%
renseigner
33%
bien
32%
connu
32%
Mettre
32%
synonyme
32%
très
32%
avis
31%
Faire
31%
délit
30%
Oy
30%
quartiers
30%
soit
30%
compris
29%
face
28%
grossesse
28%
responsabilités
28%
dirais
27%
s'est
27%
surtout
27%
devais
26%
construire
25%
l'annonça
25%
nies
25%
veuille
25%
souhaite
23%
saignée
22%
Mathilde
21%
Rejetée
21%
enseigné
19%
n'accepte
18%
Saigner
18%
lâcher
14%
l'affaire
14%
crois
10%
tenté
9%
VIP
9%
Aucun quiz correspondant
Distribution des résultats
% des personnes avec chaque résultat
Percentile par nombre de réponses
Votre historique - résultats
Vous n’avez pas pris ce quiz